La cultura de masas en el Siglo XXI : manual de instrucciones (Registro nro. 577600)
[ vista simple ]
| 001 - NÚMERO DE CONTROL | |
|---|---|
| campo de control | 1238795 |
| 005 - FECHA Y HORA DE LA ÚLTIMA TRANSACCIÓN | |
| campo de control | 20240228134904.0 |
| 008 - DATOS DE LONGITUD FIJA--INFORMACIÓN GENERAL | |
| campo de control de longitud fija | 110413e20100701 spa |
| 035 ## - NÚMERO DE CONTROL DEL SISTEMA | |
| Número de control de sistema | 1238795 |
| 035 ## - NÚMERO DE CONTROL DEL SISTEMA | |
| Número de control de sistema | (OCoLC)820581933 |
| 040 ## - FUENTE DE LA CATALOGACIÓN | |
| Centro/agencia transcriptor | comduadb |
| 041 ## - CÓDIGO DE LENGUA | |
| Código de lengua del texto/banda sonora o título independiente | spa |
| 100 10 - ENTRADA PRINCIPAL--NOMBRE DE PERSONA | |
| Nombre de persona | Pardo, José Luis, |
| Fechas asociadas al nombre | 1954- |
| Código de función | ive |
| Número de control del registro de autoridad o número normalizado | (isni)0000 0001 2122 3789 |
| -- | (viaf)17280880 |
| Término indicativo de función/relación | Entrevistado/a |
| 9 (RLIN) | 510700 |
| 245 13 - MENCIÓN DE TÍTULO | |
| Título | La cultura de masas en el Siglo XXI : manual de instrucciones |
| 520 3# - SUMARIO, ETC. | |
| Sumario, etc. | "...Hay quien opina que todavía es pronto para aformar que toda la cultura sin excepción se ha convertido en una expresión de las masas, y hay quien, examinando entornos como el teatro o los grandes museos de arte, asegura que todavía es posible levantar una última distinción entre baja y alta cultura. Lo que no sabemos, llegados a este punto, es qué se entiende por alto y bajo en estos comienzos del Siglo XXI..." |
| 650 ## - PUNTO DE ACCESO ADICIONAL DE MATERIA--TÉRMINO DE MATERIA | |
| Término de materia o nombre geográfico como elemento de entrada | Cultura de masas |
| 9 (RLIN) | 29901 |
| 650 #7 - PUNTO DE ACCESO ADICIONAL DE MATERIA--TÉRMINO DE MATERIA | |
| Término de materia o nombre geográfico como elemento de entrada | Capitalismo |
| Subdivisión general | Aspectos sociales |
| Fuente del encabezamiento o término | embne |
| 9 (RLIN) | 84554 |
| 650 ## - PUNTO DE ACCESO ADICIONAL DE MATERIA--TÉRMINO DE MATERIA | |
| Término de materia o nombre geográfico como elemento de entrada | Cultura contemporánea |
| 9 (RLIN) | 29111 |
| 650 ## - PUNTO DE ACCESO ADICIONAL DE MATERIA--TÉRMINO DE MATERIA | |
| Término de materia o nombre geográfico como elemento de entrada | Cultura pop |
| 9 (RLIN) | 182938 |
| 700 10 - ENTRADA AGREGADA--NOMBRE PERSONAL | |
| Nombre de persona | Fernández Porta, Eloy |
| Código de función | ive |
| Término indicativo de función/relación | Entrevistado/a |
| 9 (RLIN) | 340526 |
| 700 10 - ENTRADA AGREGADA--NOMBRE PERSONAL | |
| Nombre de persona | Valencia, Roberto |
| Código de función | ivr |
| Término indicativo de función/relación | Entrevistador/a |
| 9 (RLIN) | 549248 |
| 773 0# - ENLACE AL DOCUMENTO FUENTE/ENTRADA DE REGISTRO ANFITRIÓN | |
| Título | Quimera : Revista de Literatura (Barcelona) |
| Parte(s) relacionada(s) | Número 320-321, Julio-Agosto 2010, p. 22-33 |
| Número de control del registro | 111265 |
| Número Internacional Normalizado para Publicaciones Seriadas | 0211-3325 |
| Número bibliográfico anfitrión | 89608 |
| 942 ## - ELEMENTOS DE ENTRADA AGREGADA (KOHA) | |
| Tipo de ítem Koha | Artículo de Revista |
No hay ítems disponibles.